UMELÝ RÁDIOAKTÍVNY SPAD

Bibliographic Details
Main Author: Usačev, Sergej, 1926-1996 (Author)
Format: Article
Language:Slovak

MARC

LEADER 00000nab a2200000 a 4500
001 vtls011102923
003 SK-MaSNL
005 20260303150115.0
008 230222|1967 xo |||||||||||||||||slo|
015 |a SNBRB 
035 |a (uuid)7bdef350-9a33-4631-9d10-6557cffc0bde 
035 |a (urnnbn)urn:nbn:sk:snk:ar-a082wc 
035 |a urn:nbn:sk:snk-ab99k7 
040 |a SNKBUCL  |b slo  |c SNKBUCL  |e AACR2 
041 0 |a slo 
044 |a xo  |c SK 
100 1 |a Usačev, Sergej,  |d 1926-1996  |4 aut  |9 6958 
245 1 0 |a UMELÝ RÁDIOAKTÍVNY SPAD  |c Sergej Usačev 
773 0 |t Svet vedy : populárnovedecký mesačník SAV a Čs. spoločnosti pre šírenie politických a vedeckých poznatkov  |g Roč. 14, č. 11 (1967), s. [648]-655 
954 |a odborná, vedecká literatúra pôvodná (slovenská)  |2 lita 
958 |a OND 
958 |a EUIPO 
958 |a article13 
999 |c 2007806  |d 2009736